Preliminary coin report, areas LL and TP, 1996-2000 and 2002 seasons

Saved in:  
Bibliographic Details
Main Author: Lampinen, P (Author)
Format: Print Article
Language:English
Check availability: HBZ Gateway
Interlibrary Loan:Interlibrary Loan for the Fachinformationsdienste (Specialized Information Services in Germany)
Published: 2016
In: Caesarea reports and studies
Year: 2016, Pages: 41-48

MARC

LEADER 00000naa a22000002c 4500
001 1839333995
003 DE-627
005 20230316034927.0
007 tu
008 230316s2016 xx ||||| 00| ||eng c
020 |a 9781407302720 
035 |a (DE-627)1839333995 
035 |a (DE-599)KXP1839333995 
040 |a DE-627  |b ger  |c DE-627  |e rda 
041 |a eng 
084 |a 1  |2 ssgn 
100 1 |a Lampinen, P  |e VerfasserIn  |4 aut 
245 1 0 |a Preliminary coin report, areas LL and TP, 1996-2000 and 2002 seasons 
264 1 |c 2016 
336 |a Text  |b txt  |2 rdacontent 
337 |a ohne Hilfsmittel zu benutzen  |b n  |2 rdamedia 
338 |a Band  |b nc  |2 rdacarrier 
773 0 8 |i Enthalten in  |t Caesarea reports and studies  |d Oxford : BAR Publishing, 2016  |g (2016), Seite 41-48  |h xi, 269 Seiten  |w (DE-627)1622417046  |w (DE-576)481092005  |z 9781407302720  |7 nnam 
773 1 8 |g year:2016  |g pages:41-48 
935 |a mteo 
951 |a AR 
ELC |b 1 
LOK |0 000 xxxxxcx a22 zn 4500 
LOK |0 001 4291220901 
LOK |0 003 DE-627 
LOK |0 004 1839333995 
LOK |0 005 20230316034927 
LOK |0 008 230316||||||||||||||||ger||||||| 
LOK |0 035   |a (DE-Tue135)1622417046_2016_41 
LOK |0 040   |a DE-Tue135  |c DE-627  |d DE-Tue135 
LOK |0 092   |o n 
LOK |0 852   |a DE-Tue135 
LOK |0 852 1  |9 00 
LOK |0 935   |a imwa  |a ixau  |a ixrk 
LOK |0 939   |a 16-03-23  |b l01 
ORI |a SA-MARC-ixtheoa001.raw